Catálogo

Vista normal Vista MARC

Entrada Personal Name

Número de registros utilizados en: 1

001 - CONTROL NUMBER

  • control field: 17567

003 - CONTROL NUMBER IDENTIFIER

  • control field: DLC

005 - DATE AND TIME OF LATEST TRANSACTION

  • control field: 20251008093743.0

008 - FIXED-LENGTH DATA ELEMENTS

  • fixed length control field: 190910n| azannaabn |a aaa c

010 ## - LIBRARY OF CONGRESS CONTROL NUMBER

  • LC control number: no2019132743

035 ## - SYSTEM CONTROL NUMBER

  • System control number: (OCoLC)oca12420704

040 ## - CATALOGING SOURCE

  • Original cataloging agency: SaPrUSA
  • Language of cataloging: spa
  • Description conventions: rda
  • Transcribing agency: Mx-PuUPA
  • Modifying agency: Mx-PuUPA

046 ## - SPECIAL CODED DATES

  • Birth date: 1953
  • Source of date scheme: edtf

100 1# - HEADING--PERSONAL NAME

  • Personal name: Stanghellini, Cecilia,
  • Dates associated with a name: 1953-

370 ## - ASSOCIATED PLACE

  • Associated country: Italia
  • Other associated place: Wageningen (Países Bajos)
  • Source of term: naf

371 ## - ADDRESS

  • Electronic mail address: Cecilia.stanghellini@wur.nl
  • Electronic mail address: www.wur.eu/greenhousehorticulture

372 ## - FIELD OF ACTIVITY

  • Field of activity: Gestión de invernaderos
  • Field of activity: Jardinería en invernadero
  • Field of activity: Física
  • Field of activity: Ciencias ambientales
  • Field of activity: Rendimiento de los cultivos
  • Field of activity: Horticultura
  • Field of activity: Plantas de invernadero
  • Field of activity: Plantas--Transpiración
  • Field of activity: Ingeniería ambiental
  • Source of term: lcsh

373 ## - ASSOCIATED GROUP

  • Associated group: Universidad de Wageningen
  • Source of term: naf

374 ## - OCCUPATION

  • Occupation: físico
  • Occupation: Profesor universitario
  • Occupation: Autor
  • Source of term: lcsh

375 ## - GENDER

  • Gender: mujer
  • Source of term: iso5218

377 ## - ASSOCIATED LANGUAGE

  • Language code: eng
  • Language code: dut
  • Language code: pol

400 1# - SEE FROM TRACING--PERSONAL NAME

  • Personal name: Stanghellini, C.
  • Dates associated with a name: 1953-

670 ## - SOURCE DATA FOUND

  • Source citation: Greenhouse horticulture, 2019:
  • Information found: title page (Cecilia Stanghellini) page 310 (Italian physicist with a Dutch PhD in Agricultural and Environmental Sciences, has been working in Wageningen for over 30 years, on greenhouse technology. Main topics are: greenhouse climate simulation and management; crop yield and resource use efficiency; economy and environmental impact of greenhouse crops. She has lead several large international projects on efficient greenhouse vegetable production and capacity building. She teaches ʹGreenhouse Technologyʹ at Wageningen University and is the scientific coordinator of the yearly ʹWageningen Summer School on Greenhouse Horticultureʹ; email: cecilia.stanghellini@wur.nl, Internet (url): www.wur.eu/greenhousehorticulture)

670 ## - SOURCE DATA FOUND

  • Source citation: OCLC, Aug 23, 2019
  • Information found: (hdgs.: Stangellini, C., Stangellini, Cecilia, Stanghellini, Cecilia,1953-; usage: C. Stanghellini, Cecilia Stanghellini)